El Estado (Record no. 15717)

MARC details
000 -LEADER
campo de control de longitud fija 00906nam a2200265 i 4500
001 - NÚMERO DE CONTROL
campo de control 15717
003 - IDENTIFICADOR DE NÚMERO DE CONTROL
campo de control ES-MaACL
005 - FECHA Y HORA DE LA ÚLTIMA TRANSACCIÓN
campo de control 20250912063034.0
007 - CAMPO FIJO DE DESCRIPCIÓN FÍSICA--INFORMACIÓN GENERAL
campo de control de longitud fija t|
008 - DATOS DE LONGITUD FIJA--INFORMACIÓN GENERAL
campo de control de longitud fija 000504s1995 sp ||||0| spa j
020 ## - NÚMERO INTERNACIONAL ESTÁNDAR DEL LIBRO
Número Internacional Estándar del Libro 84-86864-10-0
040 ## - FUENTE DE CATALOGACIÓN
Centro catalogador/agencia de origen M-BN
Lengua de catalogación spa
Centro/agencia transcriptor M-BN
080 ## - NÚMERO DE LA CLASIFICACIÓN DECIMAL UNIVERSAL
Número de la Clasificación Decimal Universal 321.01(091)
100 1# - ENTRADA PRINCIPAL--NOMBRE DE PERSONA
Nombre de persona Kropotkin, Piotr Alekseevich,
Fechas asociadas al nombre 1842-1921
9 (RLIN) 240800
245 13 - MENCIÓN DEL TÍTULO
Título El Estado
Resto del título : su papel histórico /
Mención de responsabilidad, etc. Pedro Kropotkin.
260 ## - PUBLICACIÓN, DISTRIBUCIÓN, ETC.
Lugar de publicación, distribución, etc. Villaverde Alto, Madrid :
Nombre del editor, distribuidor, etc. Fundación Anselmo Lorenzo,
Fecha de publicación, distribución, etc. D.L. 1995.
300 ## - DESCRIPCIÓN FÍSICA
Extensión 62 p. ;
Dimensiones 20 cm.
490 1# - MENCIÓN DE SERIE
Mención de serie Colección Cuadernos libertarios (Fundación Anselmo Lorenzo) ;
Designación de volumen o secuencia 3
RLIN 228262
650 14 - PUNTO DE ACCESO ADICIONAL DE MATERIA--TÉRMINO DE MATERIA
Término de materia o nombre geográfico como elemento de entrada Estado-
Subdivisión de forma Historia
9 (RLIN) 12525
710 2# - ENTRADA AGREGADA--NOMBRE DE ENTIDAD CORPORATIVA
Nombre de entidad corporativa o nombre de jurisdicción como elemento de entrada Fundación Anselmo Lorenzo.
9 (RLIN) 4216
830 1# - PUNTO DE ACCESO ADICIONAL DE SERIE-TÍTULO UNIFORME
9 (RLIN) 228262
Título uniforme Colección Cuadernos libertarios (Fundación Anselmo Lorenzo) ;
Designación de volumen o secuencia 3
852 ## - LOCALIZACIÓN
Ubicación ES-MaACL
Número de control de estantería L-22971
942 ## - ELEMENTOS DE ENTRADA SECUNDARIOS (KOHA)
Fuente del sistema de clasificación o colocación Clasificación decimal universal
Holdings
Estatus retirado Estado de pérdida Estado de daño No para préstamo Biblioteca de origen Biblioteca actual Ubicación en estantería Fecha de adquisición Fuente de adquisición Total de préstamos Signatura topográfica completa Código de barras Visto por última vez Precio de reemplazo Tipo de ítem Koha
        Biblioteca del Ateneo de Madrid Biblioteca del Ateneo de Madrid Depósito 2 17/01/2008     L-22971 1015976 23/02/2023 23/02/2023 Libro impreso